|
|
|
|
| LEADER |
01177nam a2200241 a 4500 |
| 001 |
GR-MES10764 |
| 008 |
060925s enk b 001 0 gre d |
| 020 |
|
|
|a 0521010845
|
| 020 |
|
|
|a 0521811961
|
| 040 |
|
|
|a GrPaTEI
|b gre
|c GR-PaULI
|
| 040 |
|
|
|a GrPaTEI
|b gre
|c GR-PaULI
|
| 100 |
1 |
|
|a Ott, Edward
|
| 245 |
1 |
0 |
|a Chaos in dynamical systems /
|c Edward Ott.
|
| 250 |
|
|
|a 2nd. ed.
|
| 260 |
|
|
|a Cambridge ; New York :
|b Cambridge university press,
|c 2002
|
| 300 |
|
|
|a xi , 478σ. :
|b εικ. ;
|c 24εκ.
|
| 504 |
|
|
|a Περιλαμβάνει βιβλιογραφικές παραπομπές (σ. 452-475) και ευρετήριο
|
| 650 |
|
0 |
|a Chaotic behavior in systems
|
| 942 |
|
|
|2 ddc
|
| 952 |
|
|
|0 0
|1 0
|2 ddc
|4 0
|6 003_857000000000000_OTT
|7 0
|9 270059
|a MSLG
|b MSLG
|c BSC
|d 2021-01-17
|e 24
|f 0
|g 0.00
|l 0
|o 003.857 OTT
|p 2420000020684
|r 2021-01-17 00:00:00
|t 1
|w 2021-01-17
|y BK15
|x 20060925 0 1
|x GrPaTEI
|
| 952 |
|
|
|0 0
|1 0
|2 ddc
|4 0
|6 003_857000000000000_OTT
|7 0
|9 270060
|a MSLG
|b MSLG
|c BSC
|d 2021-01-17
|e 24
|f 0
|g 0.00
|l 0
|o 003.857 OTT
|p 2420000020685
|r 2021-01-17 00:00:00
|t 1
|w 2021-01-17
|y BK15
|x 20060925 0 ΔΕΝ ΔΑΝΕΙΖΕΤΑΙ 1
|x GrPaTEI
|
| 971 |
|
|
|a .b25768116
|b 15-04-20
|c 13-09-16
|
| 999 |
|
|
|c 155938
|d 155938
|